| 000 | 01875cam a22002054a 4500 | ||
|---|---|---|---|
| 005 | 20250605164113.0 | ||
| 008 | 250528s ||||||||||||||||||||||||d | ||
| 035 | _a17979 | ||
| 020 | _a9789604617692 | ||
| 040 |
_aGR-AtMCL _bgre _dGR-AtMCL _eAACR2 |
||
| 245 | 1 | _aΕφοδιαστική (Logistics) / Μια ποσοτική Προσέγγιση: Δεύτερη Έκδοση | |
| 250 | _a2η | ||
| 260 |
_bΚλειδάριθμος, _c2017 |
||
| 300 | _a600 | ||
| 520 | _aΣτόχος αυτού του βιβλίου είναι η παρουσίαση μοντέλων και μεθόδων λύσεων που βοηθούν σημαντικά στον σχεδιασμό, την κατάρτιση του προγραμματισμού και τη λειτουργία των εφοδιαστικών δικτύων. Πρόλογος, Κατανόηση της Εφοδιαστικής Αλυσίδας, Σχεδιασμός Δικτύου Εφοδιαστικής Αλυσίδας, Πρόβλεψη της Ζήτησης σε μια Εφοδιαστική Αλυσίδα, Συγκεντρωτικός Προγραμματισμός στην Εφοδιαστική Αλυσίδα, Διαχείριση Αποθεμάτων Εφοδιαστικής Αλυσίδας χωρίς Αβεβαιότητα (Σταθερή Ζήτηση), Διαχείριση Αποθεμάτων Εφοδιαστικής Αλυσίδας με Αβεβαιότητα (Τυχαία Ζήτηση), Οι Μεταφορές στην Εφοδιαστική Αλυσίδα, Οι Πληροφορίες στην Εφοδιαστική Αλυσίδα, Συντονισμός της Εφοδιαστικής Αλυσίδας, Λεξικό Όρων, Βιβλιογραφία, Ευρετήριο. | ||
| 700 | 1 |
_aΒιδάλης Μιχάλης _94295 |
|
| 942 | _cBK | ||
| 999 |
_c3373 _d3373 |
||